000
00294nam a22001097a 4500
082
_a
923.1 MUL'S
100
_a
STEWARD, CHARLES MAJOR
_9
75879
245
_a
MULFUZAT TIMURY OR AUTOBIOGRAPHICAL MEMORIES OF THE MUGHAL EMPROR TIMUR
260
_a
LAHORE
_b
NIAZ
_c
1975
300
_a
154P
942
_c
BK
999
_c
581290
_d
581290